00933nam a2200205 a 450000100100000000500170001000800410002702000150006804000250008308200150010810000280012324502730015126000720042430000190049649000370051550000740055250400330062670000310065983000370069000004161220201002035651.0131014s1997 sp 000 0 spa d a8400076885 aDO-SdBNPbspacBNPHU axxxbC957z1 aAbril Castelló, Vidal10aFrancisco de la Cruz, Inquisición, Actas II-2 :bderecho y moral, teología y política en el trasplante a Iberoamérica del Santo Oficio Español (la Junta Magna de 1568 y la política indiana de Felipe II) /cVidal Abril Castilló, Miguel J. Abril. Stoffels. aMadrid :bConsejo Superior de Investigaciones Científicas,c1997. a2 v. ;c22 cm.1 aCorpus Hispanorum de pacev35/37 aIncluye referencias bibliográficas y notas al pie de las páginas. aBibliografía: p. 1663-167012aAbril. Stoffels, Miguel J. 0aCorpus Hispanorum de pacen35/37